15 Largest Cities in Chile🇨🇱 - Statistics

General Stats
  • This quiz has been taken 60 times
  • The average score is 7 of 15
Answer Stats
Population City % Correct
4.8 mil Santiago
100%
282k Valparaiso
82%
309k Antofagasta
70%
215k Concepcion
64%
294k Vina del Mar
55%
185k Arica
50%
227k Iquique
48%
238k Temuco
39%
161k Coquimbo
36%
197k Talca
36%
510k Puente Alto
32%
249k San Bernardo
27%
212k Rancagua
25%
252k Talcahuano
14%
201k La Pintana
2%
No matching quizzes found
Score Distribution
Percent of People with Each Score
Percentile by Number Answered
Your Score History
You have not taken this quiz